000 00573nam a2200157 a 4500
001 000045842
005 20201002052457.0
008 150519s2005 dr ac 000 0 spa d
040 _aDO-SdBNP
_bspa
_cBNPHU
082 _axxxx
_bxxxx
245 0 0 _aRetratos :
_bcatálogo de las obras expuestas en la muestra /
_cpresentación Eridania Mir.
246 1 0 _aCatálogo de la exposición colectiva de pintores dominicanos
260 _aSanto Domingo :
_bSecretaría de Estado de Cultura,
_c2005.
300 _a79 p. :
_bil., retrs. ;
_c28 cm.
700 1 2 _aMir, Eridania,
_epres.
_910197
999 _c45331
_d45331